00825cam a2200241 a 450000100090000000300050000900500170001400800410003101000170007202000180008904000180010705000260012508200160015110000280016724500760019526000300027130000210030165000220032265500220034470000200036685601060038685600910049214217765Nust20170313170643.0060103s2005 nyu 000 1 eng  a 2006041688 a9780007185207 aDLCcDLCdDLC00aPR6114.E947bA53 200500a823.92bNEW1 aNewland, Bénédicte.10aAnd God created the au pair /cBénédicte Newland and Pascale Smets. aNew York :bPlume,c2005. a376 p. ;c20 cm. 0aSistersvFiction. 0aDomestic fiction.1 aSmets, Pascale.423Contributor biographical informationuhttp://www.loc.gov/catdir/enhancements/fy0719/2006041688-b.html423Publisher descriptionuhttp://www.loc.gov/catdir/enhancements/fy0719/2006041688-d.html